Gate tutor 2019: (Record no. 158113)

MARC details
000 -LEADER
fixed length control field 00549nam a22001817a 4500
005 - DATE AND TIME OF LATEST TRANSACTION
control field 20181017111351.0
010 ## - LCCN (DPL NO)
LC control number B-710575
020 ## - INTERNATIONAL STANDARD BOOK NUMBER
International Standard Book Number 9789312148280
Terms of availability 925.00
035 ## - SYSTEM CONTROL NUMBER
System control number B-710575
037 ## - SOURCE OF ACQUISITION
Source of stock number/acquisition Arihant Publication
082 ## - DEWEY DECIMAL CLASSIFICATION NUMBER
Classification number 660
100 ## - MAIN ENTRY--PERSONAL NAME
Personal name Gupta, Nikhil
245 ## - TITLE STATEMENT
Title Gate tutor 2019:
Remainder of title Chemical engineering
Statement of responsibility, etc by Nikhil Gupta and Abhinav Jain
260 ## - PUBLICATION, DISTRIBUTION, ETC. (IMPRINT)
Place of publication, distribution, etc New Delhi
Name of publisher, distributor, etc Arihant Publication
Date of publication, distribution, etc 2019
300 ## - PHYSICAL DESCRIPTION
Extent 771p.
Dimensions 26cm.(Pbk)
942 ## - ADDED ENTRY ELEMENTS (KOHA)
Source of classification or shelving scheme Dewey Decimal Classification
Item type English Books
Classification part 660
Call number suffix Gup
Holdings
Withdrawn status Lost status Not for loan Collection code Home library Current library Date acquired Full call number Barcode Koha item type
      Non-fiction R.K.Puram-8 R.K.Puram-8 17/10/2018 660 Gup B-710575 English Books

© Delhi Public Library
Hit Counter
free hit counter